=LDR 00000nam 2200000 4500 =001 INLIS000000000035557 =005 20210624104949 =035 ##$$a 0010-061300000035557 =008 210624################g##########0#ind## =041 ##$$a Ind =082 ##$$a 342 =090 ##$$a 342, Lap l =245 ##$$a Menegakkan keadilan substantif : $b Laporan tahunan Mahkamah Konstitusi Republik Indonesia 2008 /$c Mahkamah Konstitusi Republik Indonesia =260 ##$$a Jakarta :$b Mahkamah Konstitusi Republik Indonesia,$c 2008 =300 ##$$a xx,319 Hlm, : $b ilus. ; $c 29 x 21 cm. =650 #4$$a Konstitusi Dan Demokrasi =850 ##$$a NBPNMAT =084 ##$$a 342 Lap l =710 #$$a Mahkamah Konstitusi Republik Indonesia =990 ##$$a 31011391